LIBRARY & INFORMATION CENTRE, KCAET, TAVANUR

ONLINE PUBLIC ACCESS CATALOGUE (OPAC)

Polarised light / (Record no. 1826)

MARC details
000 -LEADER
fixed length control field 00485cam a2200193ua 4500
041 ## - LANGUAGE CODE
Language code of text/sound track or separate title eng
082 ## - DEWEY DECIMAL CLASSIFICATION NUMBER
Classification number 535.2
Item number SHU/PO
100 ## - MAIN ENTRY--AUTHOR NAME
Personal name Shurcliff, William.A .
245 ## - TITLE STATEMENT
Title Polarised light /
250 ## - EDITION STATEMENT
Edition statement 1 /
260 ## - PUBLICATION, DISTRIBUTION, ETC. (IMPRINT)
Place of publication New Jercy :
Name of publisher D.Van nostrant co. INC ,
Year of publication 1964.
300 ## - PHYSICAL DESCRIPTION
Number of Pages 144 ; .
700 1# - ADDED ENTRY--PERSONAL NAME
Personal name Ballard , Stanley.S .
942 ## - ADDED ENTRY ELEMENTS (KOHA)
Koha item type Books
Holdings
Withdrawn status Lost status Damaged status Home library Current library Date acquired Full call number Accession Number Koha item type
      KAUAET KAUAET 07/04/2012 535.2 10596 Books
free website counter